01003nam a2200241 a 450000100100000000500170001000800410002704000250006804100390009308200150013210000360014724000420018324501130022526000300033830000280036853401140039650000210051065000370053170000480056804900090061695201190062599900170074400002388420240415140329.0110115s1983 mx a r 001 0 spa d aDO-SdBNPbspacBNPHU17aspaheng2Código de idiomas MARC a350bF852n1 aFrederickson, H. George,94913910aNew public administration.lEspañol10aNueva administración pública /cH. George Frederickson ; traducción de Ángel Carlos González Ruiz. aMéxico :bNOEMA,c1983. a173 p. :bil. ;c21 cm. pTítulo original en inglés:tNew public administration.cAlabama, E.U.A. : The University of Alabama, 1980 aIncluye índice 0aAdministración pública992661 aGonzález Ruiz, Ángel Carlos,etr.98969 aBNGR 001052708MOaGRbGRcCTd2011-01-15iLF1l0o350 F852np23884-10r2020-06-25w2020-06-25y2ZPréstamo interno c23380d23380